Current US Governors - Statistics

General Stats
  • This quiz has been taken 3,292 times
    1,281 since last reset
  • The average score is 25 of 50
Answer Stats
State Answer % Correct
Florida Ron DeSantis
87%
California Gavin Newsom
85%
Texas Greg Abbott
75%
Michigan Gretchen Whitmer
71%
Alabama Kay Ivey
69%
Georgia Brian Kemp
68%
New York Kathy Hochul
67%
Illinois J.B. Pritzker
64%
New Hampshire Chris Sununu
62%
Maryland Larry Hogan
60%
Kentucky Andy Beshear
57%
Arizona Doug Ducey
56%
Virginia Glenn Youngkin
56%
Colorado Jared Polis
56%
Ohio Mike DeWine
56%
Massachusetts Charlie Baker
55%
South Dakota Kristi Noem
55%
New Jersey Phil Murphy
55%
Pennsylvania Tom Wolf
55%
North Carolina Roy Cooper
54%
Wisconsin Tony Evers
54%
Louisiana John Bel Edwards
53%
Oregon Kate Brown
52%
Vermont Phil Scott
51%
Minnesota Tim Walz
51%
Arkansas Asa Hutchinson
50%
West Virginia Jim Justice
50%
Kansas Laura Kelly
50%
Washington Jay Inslee
48%
Iowa Kim Reynolds
48%
New Mexico Michelle Lujan Grisham
47%
Connecticut Ned Lamont
43%
Nevada Steve Sisolak
42%
Tennessee Bill Lee
41%
Hawaii David Ige
41%
Montana Greg Gianforte
41%
Alaska Mike Dunleavy
41%
South Carolina Henry McMaster
40%
Mississippi Tate Reeves
40%
Maine Janet Mills
39%
Oklahoma Kevin Stitt
39%
Utah Spencer Cox
38%
Idaho Brad Little
35%
Indiana Eric Holcomb
32%
Nebraska Pete Ricketts
31%
Delaware John Carney
30%
Missouri Mike Parson
29%
Rhode Island Daniel McKee
27%
North Dakota Doug Burgum
27%
Wyoming Mark Gordon
27%
No matching quizzes found
Score Distribution
Percent of People with Each Score
Percentile by Number Answered
Your Score History
You have not taken this quiz since the last reset